Negeri Sembilan : dahulu dan sekarang
| Format: | Book |
|---|---|
| Published: |
Kuala Lumpur :
Persatuan Muzium Malaysia ,
1990
|
| Subjects: |
MARC
| LEADER | 00000cam a2200000 7i4500 | ||
|---|---|---|---|
| 001 | 0000003096 | ||
| 002 | 000003349 | ||
| 005 | 20080114.0 | ||
| 020 | |a T000000292 | ||
| 090 | 0 | 0 | |a 306.089992 |b NEG |
| 245 | 0 | 0 | |a Negeri Sembilan : |b dahulu dan sekarang |c diedit oleh Norazit Selat |
| 260 | |a Kuala Lumpur : |b Persatuan Muzium Malaysia , |c 1990 | ||
| 300 | |a 241p. ; |c 23cm. | ||
| 650 | 0 | 0 | |a Malay customs (Adat Perpatih) |
| 651 | 0 | |a Negeri Sembilan |x History | |
| 999 | |a 036658 |b BUKU |c MALAYSIANA |e PERPUSTAKAAN KOMUNITI PETALING JAYA | ||